|
|
|
|
| LEADER |
01220nam a2200325 a 4500 |
| 001 |
27611 |
| 003 |
BD-DhAAL |
| 005 |
20200603193853.0 |
| 008 |
130926s2012 nyua b 001 0 eng |
| 999 |
|
|
|c 14019
|d 14019
|
| 010 |
|
|
|a 2011047217
|
| 016 |
7 |
|
|a 016015975
|2 Uk
|
| 020 |
|
|
|a 9780393912722 (pbk.)
|
| 020 |
|
|
|a 0393912728 (pbk.)
|
| 035 |
|
|
|a (OCoLC)ocn764589089
|
| 040 |
|
|
|a DLC
|b eng
|c DLC
|d YDX
|d NJR
|d YDXCP
|d UKMGB
|d CDX
|d DLC
|d BD-DhAAL
|
| 050 |
0 |
0 |
|a H97
|b .S83 2012
|
| 082 |
0 |
0 |
|a 320.6
|2 23
|
| 100 |
1 |
|
|a Stone, Deborah.
|9 3250
|
| 245 |
1 |
0 |
|a Policy paradox :
|b the art of political decision making /
|c Deborah Stone.
|
| 250 |
|
|
|a Third edition
|
| 260 |
|
|
|a New York :
|b W.W. Norton & Co.,
|c c2012.
|
| 300 |
|
|
|a viii, 408 pages :
|b illustrations ;
|c 24 cm.
|
| 504 |
|
|
|a Includes bibliographical references and index.
|
| 541 |
|
|
|e 27611
|
| 650 |
|
0 |
|a Policy sciences
|x Economic aspects.
|9 3251
|
| 650 |
|
0 |
|a Political planning
|x Economic aspects.
|9 3252
|
| 852 |
|
|
|a BRAC Institute of Governance and Development
|c General Stacks
|
| 942 |
|
|
|2 ddc
|c BK
|
| 952 |
|
|
|0 0
|1 0
|2 ddc
|4 0
|6 320_600000000000000_STO
|7 0
|9 23500
|a IGS
|b IGS
|c GEN
|d 2013-09-26
|e Trim Education
|g 5500.00
|l 0
|o 320.6 STO
|p 3010027611
|r 2013-09-26
|t 1
|w 2013-09-26
|y BK
|